Introducción a la probabilidad

Պահպանված է:
Մատենագիտական մանրամասներ
Հիմնական հեղինակ: Dixon, John R (Հեղինակ)
Ձևաչափ: Գիրք
Լեզու:իսպաներեն
Հրապարակվել է: Ciudad de México Limusa Wiley 1970
Շարք:Limusa Wiley de Libros Programados
Խորագրեր:
Ցուցիչներ: Ավելացրեք ցուցիչ
Չկան պիտակներ, Եղեք առաջինը, ով նշում է այս գրառումը!

MARC

LEADER 00000nam a2200000 a 4500
001 UCU3826
003 CL-VaPUC
008 960510e19700000MX |||||||||||||||||spa|d
082 0 4 |a 519.2  |b DIX  |2 21 
100 0 |a Dixon, John R  |e author  |9 360983 
245 1 0 |a Introducción a la probabilidad 
300 |a 409 p 
942 |c BK 
945 |d 19960510 00:00:00  |a lriquelm 
260 |a Ciudad de México  |b Limusa Wiley  |c 1970 
650 7 |a PROBABILIDAD A PRIORI  |2 CL-VaPUC  |9 359288 
650 0 |a Teoría de probabilidades   |9 336944 
650 0 |a Lógica matemática   |9 262442 
583 |a last modification  |c 19960510 00:00:00  |k Rodrigo Vera 
490 0 |a Limusa Wiley de Libros Programados 
999 |c 247702  |d 247700